000 01057nam a22002175i 4500
001 153496
003 ES-MaACL
005 20250824063235.0
008 010517s1850 sp |||| | spa d
040 _aCAM
_bspa
_cCAM
245 0 4 _aLas diez de la noche
_b: comedia en dos actos /
_ctraducida del francés por Luis Olona.
260 _aMadrid :
_b[Círculo Literario Comercial],
_c1850 (
_fImprenta de S. Omaña)
300 _a60 p. ;
_c21 cm.
490 1 _aLa España dramática : colección de obras representadas con aplauso en los teatros de la corte ;
_v123
596 _aMención de editor y serie constan en la cub.
700 1 _aOlona, Luis,
_d1823-1863
_9130645
830 0 3 _aLa España dramática: colección de obras representadas con aplauso en los teatros de la corte
_v123
_9187776
852 _aES-MaACL
_jF-8615(1)
_z-- Enc. pasta española
_q-- Falto de la cub. original
_z-- Enc. en un vol. facticio formando parte de la col. facticia "Teatro español moderno", vol. 70
999 _c153496
_d153496